000 01821cam a2200229 4500
001 ##L133574
008 060519n2006 000 0 eng u
035 _a(Sirsi) u133574
041 0 _aeng
050 0 4 _a630 $2 18
110 2 _aRoyal Institution of Chartered Surveyors
_bPublic Affairs
_94679
245 0 0 _aRICS rural land market survey Great Britain
_bfirst quarter 2006
260 _aLondon
_bRICS
_c2006
490 0 _aRICS Rural Land Market Survey Great Britain
_vFirst Quarter 2006
520 _aShows farmland prices rising by 3% in the year to the first quarter 2006, down from 4% recorded in the fourth quarter 2005. Demand for residential farms is rising at the strongest pace in two years, resulting in non-farmer individual share in purchases reaching 46% in the first quarter, a 18 month high. Demand for commercial farmland is also increasing but more modestly than for residential farms. Supply of available farmland on the market was up slightly during the first quarter with commercial farmland increasing more firmly than residential farms but the availability of residential and non-residential farms is historically very low. Surveyors anticipate commercial farmland to be flat in the next year but the price of residential farmland is expected to rise strongly. The largest price increases were in Scotland, West Midlands and southwest England while modest price falls were recorded in Wales, northeast and northwest England.
590 _aIKA230506
650 2 4 _aRICS RURAL LAND MARKET SURVEY GREAT BRITAIN
651 4 _aGREAT BRITAIN
690 _aPROPERTY-RURAL AND NATURAL ASSETS-RURAL AND NATURAL ASSET MARKET
856 4 0 _uhttps://www.rics.org/profession-standards/knowledge-and-information-services/document-delivery-and-o
_zemail [email protected] to request a copy
942 _n0
999 _c105424
_d105424